Lataa...
EDUCATION FOR ENVIRONMENTAL PLANNING AND CONSERVATION
| Aineistotyyppi: | Printed Book |
|---|---|
| Julkaistu: |
INDIA
INDIAN ENVIRONMENTAL SOCIETY
1982
|
| Painos: | 2 |
| Aiheet: |
| LEADER | 00518nam a2200205 4500 | ||
|---|---|---|---|
| 020 | |||
| 037 | |||
| 082 | |a 577 BAN | ||
| 100 | |||
| 245 | |a EDUCATION FOR ENVIRONMENTAL PLANNING AND CONSERVATION |h English | ||
| 250 | |a 2 | ||
| 260 | |a INDIA |b INDIAN ENVIRONMENTAL SOCIETY |c 1982 | ||
| 300 | |a 483 |f HB | ||
| 500 | |||
| 590 | |||
| 630 | |||
| 650 | |a ENVIRONMENTAL | ||
| 942 | |c TB | ||
| 999 | |c 170921 |d 170921 | ||
| 952 | |0 0 |1 0 |4 0 |6 577_000000000000000_BAN |7 0 |9 184355 |a BOT |b BOT |l 0 |o 577 BAN |p BOT6040 |r 2019-10-25 |w 2019-10-25 |y TB | ||